[Event "BL2 West 2122 (Women)"]
[Site "Germany"]
[Date "2022.03.19"]
[Round "4.6"]
[White "Orlova, Alicia"]
[Black "Malinowsky, Celina"]
[Result "1-0"]
[WhiteElo "1719"]
[BlackElo "1455"]
[PlyCount "49"]
[EventDate "2021.11.27"]
[EventType "team-tourn"]
[EventRounds "7"]
[EventCountry "GER"]
[SourceTitle "EXT 2023"]
[Source "ChessBase"]
[SourceDate "2022.10.05"]
[SourceVersion "1"]
[SourceVersionDate "2022.10.05"]
[SourceQuality "1"]
[WhiteTeam "Solingen (W)"]
[BlackTeam "Kiel Doppelbauer (W)"]
[WhiteTeamCountry "GER"]
[BlackTeamCountry "GER"]

1. e4 e5 2. Nf3 Nc6 3. Bc4 Bc5 4. Nc3 Nf6 5. d3 d6 6. h3 Be6 7. Bb3 Ne7 8. 0-0 Ng6 9. Re1 c6 10. d4 exd4 11. Nxd4 Bd7 12. Kh1 0-0 13. f4 Re8 14. Qd3 Nh5 15. Nde2 Qh4 16. Rf1 Re7 17. Bd2 Rae8 18. Be1 Qf6 19. Qf3 Nf8 20. Qxh5 Ng6 21. f5 Rf8 22. Bg3 Rfe8 23. fxg6 Qxg6 24. Qxg6 hxg6 25. Nf4 1-0

[Event "GER-ch U14 Girls"]
[Site "Willingen"]
[Date "2019.06.14"]
[Round "8"]
[White "Bashylina, Luisa"]
[Black "Orlova, Alicia"]
[Result "1-0"]
[WhiteElo "1812"]
[BlackElo "1621"]
[PlyCount "49"]
[EventDate "2019.06.08"]
[EventType "swiss"]
[EventRounds "9"]
[EventCountry "GER"]
[SourceTitle "CBM 191 Extra"]
[Source "ChessBase"]
[SourceDate "2019.09.30"]
[SourceVersion "1"]
[SourceVersionDate "2019.09.30"]
[SourceQuality "1"]

1. e4 e5 2. Nf3 d6 3. d4 exd4 4. Nxd4 Nf6 5. Nc3 Be7 6. Be3 0-0 7. f3 Re8 8. Qd2 Nc6 9. 0-0-0 a6 10. g4 Nd7 11. Nd5 Nde5 12. Nxe7+ Qxe7 13. Be2 Be6 14. Nf5 Bxf5 15. gxf5 Rad8 16. Rhg1 f6 17. Bh6 Kh8 18. Bxg7+ Qxg7 19. Rxg7 Kxg7 20. Rg1+ Ng6 21. fxg6 hxg6 22. Qc3 d5 23. f4 Rxe4 24. Bd3 Rxf4 25. Bxg6 1-0

[Event "GER-ch U14 Girls"]
[Site "Willingen"]
[Date "2019.06.12"]
[Round "5"]
[White "Orlova, Alicia"]
[Black "Doll, Rebecca"]
[Result "0-1"]
[WhiteElo "1621"]
[BlackElo "1678"]
[PlyCount "82"]
[EventDate "2019.06.08"]
[EventType "swiss"]
[EventRounds "9"]
[EventCountry "GER"]
[SourceTitle "CBM 191 Extra"]
[Source "ChessBase"]
[SourceDate "2019.09.30"]
[SourceVersion "1"]
[SourceVersionDate "2019.09.30"]
[SourceQuality "1"]

1. e4 e5 2. Nf3 Nc6 3. Bc4 Bc5 4. Nc3 d6 5. d3 Nf6 6. h3 h6 7. Na4 Bb6 8. Nxb6 axb6 9. Be3 Be6 10. Bb3 Nb4 11. Bxe6 fxe6 12. c3 Nc6 13. 0-0 0-0 14. Nh2 Qe8 15. g3 Qg6 16. Kh1 d5 17. exd5 exd5 18. d4 exd4 19. Bxd4 Ne4 20. Qg4 Qxg4 21. Nxg4 Nxd4 22. cxd4 h5 23. Ne3 Nd2 24. Rfd1 Rxf2 25. Kg1 Raf8 26. Nxd5 g5 27. Nxc7 Re2 28. Ne6 Rff2 29. Rxd2 Rxd2 30. Nxg5 Rxb2 31. Rb1 Rxa2 32. Rxb6 Rfd2 33. Rb1 Rxd4 34. Kf1 Rd3 35. g4 h4 36. Ke1 Rc3 37. Rd1 Kg7 38. Ne6+ Kf6 39. Nf4 Re3+ 40. Ne2 Rexe2+ 41. Kf1 Rh2 0-1

[Event "GER-chT U14 Girls"]
[Site "Neumuenster"]
[Date "2018.12.29"]
[Round "6.1"]
[White "Falke, Ornella"]
[Black "Orlova, Alicia"]
[Result "0-1"]
[WhiteElo "1509"]
[BlackElo "1616"]
[PlyCount "86"]
[EventDate "2018.12.27"]
[EventType "team-swiss"]
[EventRounds "7"]
[EventCountry "GER"]
[SourceTitle "CBM 188 Extra"]
[Source "ChessBase"]
[SourceDate "2019.02.26"]
[SourceVersion "1"]
[SourceVersionDate "2019.02.26"]
[SourceQuality "1"]
[WhiteTeam "Elmshorn"]
[BlackTeam "Gerresheim"]
[WhiteTeamCountry "GER"]
[BlackTeamCountry "GER"]

1. e4 e5 2. Nf3 Nc6 3. Bb5 a6 4. Ba4 Nf6 5. 0-0 d6 6. Re1 Bg4 7. h3 Bh5 8. c3 Be7 9. d3 0-0 10. Be3 Qd7 11. Nbd2 b5 12. Bc2 d5 13. Nb3 Rad8 14. Nc5 Bxc5 15. Bxc5 Rfe8 16. Qe2 d4 17. cxd4 Nxd4 18. Bxd4 exd4 19. a4 b4 20. Rec1 Qe6 21. Bd1 Bxf3 22. Qxf3 Rc8 23. Rc4 c5 24. Rac1 Qd6 25. Qf5 Nd7 26. Bg4 Ne5 27. R4c2 Nxd3 28. Rd1 Ne5 29. Qxc8 Rxc8 30. Bxc8 d3 31. Rcd2 c4 32. f4 Qc5+ 33. Kh2 c3 34. bxc3 bxc3 35. fxe5 cxd2 36. Bg4 h5 37. Bf3 Qxe5+ 38. Kh1 f5 39. Bxh5 Qxe4 40. Kh2 Qe5+ 41. g3 Qe2+ 42. Bxe2 dxe2 43. Rxd2 e1Q 0-1

[Event "GER-chT U14 Girls"]
[Site "Neumuenster"]
[Date "2018.12.28"]
[Round "3.1"]
[White "Bardorz, Jana"]
[Black "Orlova, Alicia"]
[Result "1-0"]
[WhiteElo "1722"]
[BlackElo "1616"]
[PlyCount "107"]
[EventDate "2018.12.27"]
[EventType "team-swiss"]
[EventRounds "7"]
[EventCountry "GER"]
[SourceTitle "CBM 188 Extra"]
[Source "ChessBase"]
[SourceDate "2019.02.26"]
[SourceVersion "1"]
[SourceVersionDate "2019.02.26"]
[SourceQuality "1"]
[WhiteTeam "Karlsruhe SF"]
[BlackTeam "Gerresheim"]
[WhiteTeamCountry "GER"]
[BlackTeamCountry "GER"]

1. e4 e5 2. Nf3 Nc6 3. Bc4 Bc5 4. d3 d6 5. Ng5 Nh6 6. h3 Qe7 7. c3 Bd7 8. b4 Bb6 9. a4 a5 10. b5 Nd8 11. Na3 f6 12. Nf3 Nhf7 13. Nc2 Be6 14. Bxe6 Nxe6 15. Be3 Bxe3 16. Nxe3 c6 17. Rb1 0-0 18. 0-0 Rfd8 19. d4 d5 20. exd5 cxd5 21. dxe5 fxe5 22. Qb3 d4 23. cxd4 exd4 24. Nc4 Kf8 25. Rfe1 Qf6 26. Nxa5 Nc5 27. Qb4 b6 28. Nc6 Rxa4 29. Qd2 Rd7 30. Qe2 Ra8 31. Ra1 Rc8 32. Nfxd4 Nd6 33. Ra3 Rf7 34. Re3 h6 35. Ne5 Kg8 36. Nxf7 Qxf7 37. Re7 Qf6 38. Nc6 Rf8 39. f3 Kh8 40. Rd1 Rc8 41. Nd4 Rd8 42. Re3 Qg5 43. Ne6 Nxe6 44. Rxe6 Qc5+ 45. Qf2 Qxf2+ 46. Kxf2 Ne4+ 47. fxe4 Rxd1 48. Rxb6 Rd3 49. Rb8+ Kh7 50. b6 Kg6 51. b7 Rb3 52. e5 Kf7 53. e6+ Ke7 54. Rg8 1-0

[Event "GER-chT U14 Girls"]
[Site "Neumuenster"]
[Date "2017.12.27"]
[Round "2.4"]
[White "Orlova, Alicia"]
[Black "Kisner, Monica"]
[Result "1-0"]
[WhiteElo "1511"]
[BlackElo "800"]
[PlyCount "93"]
[EventDate "2017.12.26"]
[EventType "team-swiss"]
[EventRounds "7"]
[EventCountry "GER"]
[SourceTitle "CBM 182 Extra"]
[Source "ChessBase"]
[SourceDate "2018.02.23"]
[SourceVersion "1"]
[SourceVersionDate "2018.02.23"]
[SourceQuality "1"]
[WhiteTeam "Duesseldorf SK"]
[BlackTeam "Baden-Baden"]
[WhiteTeamCountry "GER"]
[BlackTeamCountry "GER"]

1. e4 c5 2. Nc3 Nc6 3. Nf3 g6 4. d3 Bg7 5. Be3 Qa5 6. Qd2 Nf6 7. h3 0-0 8. Bh6 Rd8 9. Bxg7 Kxg7 10. g3 d5 11. Bg2 dxe4 12. Nxe4 Nxe4 13. Qxa5 Nxa5 14. dxe4 b6 15. 0-0 Bb7 16. Nh2 Nc4 17. b3 Nd2 18. Rfe1 Re8 19. Rad1 Rad8 20. Re3 f5 21. f3 h5 22. Rd3 Rxd3 23. cxd3 Nxe4 24. dxe4 e6 25. Rd7+ Kf8 26. Rxb7 Rd8 27. exf5 Rd1+ 28. Nf1 exf5 29. Rxa7 b5 30. Ra5 c4 31. Rxb5 c3 32. Rc5 Rc1 33. a4 Ke7 34. a5 Kd6 35. Rc4 Kd5 36. a6 Ra1 37. f4+ Ke6 38. Rc6+ Kf7 39. Rxc3 Rxa6 40. b4 Rb6 41. Rb3 Ke7 42. Ne3 Kd6 43. Nd5 Rb7 44. Kf2 Rg7 45. b5 g5 46. b6 Rg8 47. b7 1-0

[Event "GER-ch U12 Girls"]
[Site "Willingen"]
[Date "2017.06.07"]
[Round "7"]
[White "Butenandt, Svenja"]
[Black "Orlova, Alicia"]
[Result "1/2-1/2"]
[WhiteElo "1573"]
[BlackElo "1452"]
[PlyCount "90"]
[EventDate "2017.06.04"]
[EventType "swiss"]
[EventRounds "11"]
[EventCountry "GER"]
[SourceTitle "CBM 178 Extra"]
[Source "ChessBase"]
[SourceDate "2017.06.22"]
[SourceVersion "1"]
[SourceVersionDate "2017.06.22"]
[SourceQuality "1"]

1. e4 e5 2. Nf3 Nc6 3. Nc3 Nf6 4. a3 h6 5. d4 exd4 6. Nxd4 Bc5 7. Be3 Bb6 8. f3 0-0 9. Qd2 Nxd4 10. Bxd4 d6 11. 0-0-0 Bd7 12. g4 Nh7 13. h4 Bxd4 14. Qxd4 Qf6 15. Qe3 Bc6 16. Bb5 Rfe8 17. Rdf1 a6 18. Bxc6 bxc6 19. f4 Qe6 20. g5 f5 21. gxh6 Qxh6 22. Qf3 fxe4 23. Nxe4 Qe6 24. Ng5 Qe3+ 25. Qxe3 Rxe3 26. Re1 Rae8 27. Kd2 Rxe1 28. Rxe1 Rxe1 29. Kxe1 Nxg5 30. hxg5 Kf7 31. f5 d5 32. Ke2 c5 33. b4 cxb4 34. axb4 Ke8 35. Kd3 Kd7 36. Kd4 Kd6 37. c3 c6 38. f6 gxf6 39. gxf6 Ke6 40. c4 dxc4 41. Kxc4 Kxf6 42. Kc5 Ke5 43. Kxc6 Kd4 44. Kb6 Kc4 45. Kxa6 Kxb4 1/2-1/2

[Event "GER-ch U12 Girls"]
[Site "Willingen"]
[Date "2017.06.04"]
[Round "2"]
[White "Orlova, Alicia"]
[Black "Peglau, Mirjam"]
[Result "1-0"]
[WhiteElo "1452"]
[BlackElo "1546"]
[PlyCount "73"]
[EventDate "2017.06.04"]
[EventType "swiss"]
[EventRounds "11"]
[EventCountry "GER"]
[SourceTitle "CBM 178 Extra"]
[Source "ChessBase"]
[SourceDate "2017.06.22"]
[SourceVersion "1"]
[SourceVersionDate "2017.06.22"]
[SourceQuality "1"]

1. e4 e6 2. d4 d5 3. Bd3 Nf6 4. e5 Nfd7 5. Nf3 c5 6. c3 Nc6 7. a3 Qb6 8. Bc2 Be7 9. 0-0 0-0 10. b4 cxd4 11. cxd4 a5 12. Qd3 g6 13. b5 Na7 14. a4 f6 15. exf6 Bxf6 16. Bg5 Bg7 17. Nc3 Nf6 18. h4 Bd7 19. Rfe1 Nc8 20. Ne2 Nd6 21. Nf4 Nde4 22. Ne5 Bc8 23. Bxf6 Rxf6 24. Nh3 Rf8 25. Rac1 Bxe5 26. dxe5 Nxf2 27. Qe3 Nxh3+ 28. gxh3 d4 29. Qd3 Rd8 30. h5 Rd7 31. hxg6 Rg7 32. Kh2 Bd7 33. gxh7+ Kh8 34. Rg1 Rf8 35. Rxg7 Kxg7 36. Qg6+ Kh8 37. Rg1 1-0

[Event "GER-ch U12 Girls"]
[Site "Willingen"]
[Date "2016.05.18"]
[Round "7"]
[White "Peglau, Mirjam"]
[Black "Orlova, Alicia"]
[Result "1-0"]
[WhiteElo "1314"]
[BlackElo "1285"]
[PlyCount "153"]
[EventDate "2016.05.15"]
[EventType "swiss"]
[EventRounds "11"]
[EventCountry "GER"]
[SourceTitle "CBM 172 Extra"]
[Source "ChessBase"]
[SourceDate "2016.06.21"]
[SourceVersion "1"]
[SourceVersionDate "2016.06.21"]
[SourceQuality "1"]

1. e4 e5 2. Nf3 Qe7 3. Bc4 h6 4. d3 d6 5. h3 Nf6 6. Be3 g6 7. Nc3 c6 8. Qd2 Be6 9. Bb3 Bxb3 10. axb3 Bg7 11. 0-0 Nbd7 12. Rfe1 d5 13. exd5 cxd5 14. Rxa7 Rb8 15. Raa1 d4 16. Bxd4 0-0 17. Nxe5 Qd8 18. Nxd7 Qxd7 19. Be3 Kh7 20. Qe2 Rfe8 21. Qf3 Re6 22. Bd2 Rc6 23. Rac1 Ra8 24. Qf4 Nh5 25. Qg4 Qc7 26. Qe4 Re6 27. Qf3 Rea6 28. Nd5 Qd8 29. Qxf7 Qf8 30. Qxf8 Rxf8 31. Re7 b6 32. Bc3 Kg8 33. Bxg7 Nxg7 34. Rb7 Ra5 35. Ne7+ Kh7 36. Rxb6 Nh5 37. Nxg6 Rf7 38. Nh4 Re5 39. Nf3 Re2 40. Rb5 Ng7 41. Re5 Re7 42. Rxe2 Rxe2 43. Kf1 Re7 44. c4 Rb7 45. Nd2 Rd7 46. Ke2 Nf5 47. c5 Nd4+ 48. Ke3 Nc6 49. Nf3 Nb4 50. d4 Re7+ 51. Kd2 Rc7 52. Ne5 Kg7 53. Nd3 Nd5 54. g3 Kf6 55. Nf4 Ne7 56. d5 Rb7 57. Rc3 Ke5 58. Re3+ Kf6 59. c6 Rb5 60. Re6+ Kf7 61. Re3 Rc5 62. Rc3 Ra5 63. d6 Nd5 64. Nxd5 Rxd5+ 65. Kc2 Rxd6 66. c7 Rf6 67. f4 Re6 68. c8Q Re2+ 69. Kd1 Re8 70. Qf5+ Ke7 71. Re3+ Kd8 72. Qd5+ Kc7 73. Rxe8 Kb6 74. Re6+ Kc7 75. Qf5 Kb7 76. Qf7+ Kc8 77. Re8# 1-0

[Event "GER-ch U12 Girls"]
[Site "Willingen"]
[Date "2016.05.15"]
[Round "1"]
[White "Bardorz, Jana"]
[Black "Orlova, Alicia"]
[Result "1-0"]
[WhiteElo "1485"]
[BlackElo "1285"]
[PlyCount "63"]
[EventDate "2016.05.15"]
[EventType "swiss"]
[EventRounds "11"]
[EventCountry "GER"]
[SourceTitle "CBM 172 Extra"]
[Source "ChessBase"]
[SourceDate "2016.06.21"]
[SourceVersion "1"]
[SourceVersionDate "2016.06.21"]
[SourceQuality "1"]

1. e4 e5 2. Nf3 Nc6 3. Bb5 a6 4. Ba4 Nf6 5. 0-0 d6 6. h3 Nxe4 7. d4 Bd7 8. Bxc6 bxc6 9. dxe5 Be7 10. exd6 cxd6 11. Re1 d5 12. c4 Be6 13. Nd4 Qd7 14. Nxe6 fxe6 15. Qg4 Bf6 16. Nd2 Nxd2 17. Rxe6+ Kd8 18. Bxd2 Re8 19. Ba5+ Qc7 20. Rxe8+ Kxe8 21. Bxc7 Bxb2 22. Qe2+ Kd7 23. Qxb2 Kxc7 24. cxd5 cxd5 25. Qxg7+ Kd6 26. Rc1 Re8 27. Qc7+ Ke6 28. Re1+ Kf5 29. Rxe8 Kf6 30. Qf4+ Kg6 31. Rg8+ Kh5 32. Qg5# 1-0

[Event "GER-ch U10"]
[Site "Willingen"]
[Date "2015.05.24"]
[Round "1"]
[White "Orlova, Alicia"]
[Black "Toval, David"]
[Result "0-1"]
[WhiteElo "1110"]
[BlackElo "1423"]
[PlyCount "90"]
[EventDate "2015.05.24"]
[EventType "swiss"]
[EventRounds "11"]
[EventCountry "GER"]
[SourceTitle "CBM 166 Extra"]
[Source "ChessBase"]
[SourceDate "2015.06.18"]
[SourceVersion "1"]
[SourceVersionDate "2015.06.18"]
[SourceQuality "1"]

1. e4 c5 2. Nc3 d6 3. g3 Nf6 4. Bg2 e6 5. d3 Be7 6. Be3 a6 7. Nf3 Nbd7 8. 0-0 b5 9. Qd2 Bb7 10. Rfe1 0-0 11. Ng5 Ng4 12. Nh3 Nxe3 13. fxe3 Ne5 14. Nf4 Rc8 15. d4 Nc4 16. Qc1 Nxe3 17. Qxe3 cxd4 18. Qxd4 e5 19. Qa7 Bxe4 20. Rxe4 d5 21. Rxe5 Bc5+ 22. Qxc5 Rxc5 23. Rxd5 Qb6 24. Kh1 Rxd5 25. Nfxd5 Qf2 26. Rc1 Re8 27. Ne4 Qd4 28. Rf1 Rxe4 29. Bxe4 Qxe4+ 30. Kg1 Qxd5 31. Re1 f6 32. Re8+ Kf7 33. Rh8 Qxa2 34. Rxh7 Qxb2 35. Rh4 a5 36. c4 a4 37. cxb5 a3 38. Ra4 Qxb5 39. Ra7+ Kg6 40. Kg2 Qb2+ 41. Kh3 a2 42. Rxa2 Qxa2 43. g4 Qf2 44. g5 Qf3+ 45. Kh4 fxg5# 0-1